Most Visited National Parks Quiz Stats

 Plays Quiz Updated Nov 23, 2018

     
Support Sporcle.
Go Orange.
Score 0/10 Timer 03:00
4 Plays Today
Visitors (2015) Park % Correct
4,097,710Yellowstone National Park
95.3%
4,150,710Yosemite National Park
76%
5,520,736Grand Canyon National Park
70.7%
3,648,846Zion National Park
29.9%
3,149,921Grand Teton National Park
28.1%
10,712,674Great Smoky Mountains National Park
28.1%
4,155,916Rocky Mountain National Park
27.6%
2,811,184Acadia National Park
27%
3,263,761Olympic National Park
13.9%
2,366,056Glacier National Park
11.5%

From the Vault

Don't Forget 'The' TV

by SpinPHD

Can you pick which of these TV show titles should have the word 'The' at the beginning of their title?
Remove Ads.
Support Sporcle.
Get the best of Sporcle when you Go Orange. This ad-free experience offers more features, more stats, and more fun while also helping to support Sporcle. Thank you for becoming a member.

Show Comments

Extras

Top Quizzes Today


Score Distribution

Your Account Isn't Verified!

In order to create a playlist on Sporcle, you need to verify the email address you used during registration. Go to your Sporcle Settings to finish the process.

Report this User

Report this user for behavior that violates our Community Guidelines.

Details: